000 00628nam a2200241Ia 4500
003 OSt
005 20220924114230.0
006 a|||||r|||| 00| 0
007 ta
008 220923b |||||||| |||| 00| 0 urd d
020 _c25.00
024 _a310321
037 _cTextual
040 _aARTS
_cARTS
_burd
041 _2urd
_aurd
082 _aO168:gxNWA5, L9
100 _aAgha Wazir
_9172537
245 0 _aNai tanazur
260 _aAllahabad
_bUrdu Writers Guild India
_c1952
650 _aURDU LITERATURE
942 _hO168:gxNWA5, L9
_cTEXL
_2CC
999 _c392595
_d392595